Quizzes
Events
Quiz Creation
Community
Videos
Private Events
Remove Ads
Sign In
Join for FREE
Feedback
Dark Mode
Quiz Categories
Sports
Geography
Music
Movies
Television
Just For Fun
Miscellaneous
History
Literature
Language
Science
Gaming
Entertainment
Religion
Holiday
For Kids
Quiz Lab
Recent
Popular Today
Quiz Kudos Today
Editor Picks
Curator Picks
Quizzes by...
Day
Popularity
Type
Ratings
Length
Year
Community
Subscriptions
Recent Discussions
Orange Saloon
Badges
Playlists
Quests
Create
Leaderboards
Showdown
Live 5
Trivia Bingo
Activity
Puzzle Library
Sporcle Events
Private Events
Virtual Trivia
Globe League
Become a Host
Pub Owners
SporcleCon
Opinionation
Our Games
Videos
Blog
Mobile Apps
Partnerships
Remove Ads and Go Orange
Feedback
Literature
Harry Potter
A Song of Ice and Fire
The Hunger Games
Literary Character
Shakespeare
Book
Author
Novel
Poem
Young Adult
Children's Books
Play
Lord of the Rings
Literature
Harry Potter
A Song of Ice and Fire
The Hunger Games
Literary Character
Shakespeare
Book
Author
Novel
Poem
Young Adult
Children's Books
Play
Lord of the Rings
Random Quiz
Search Sporcle
×
Quiz Lab
Quiz Lab
Literature
Spy
Type in answers that appear in a list
Type in answers that appear in a list
Classic
Best Score? Go Orange.
Frayn's Spies Chapter 11 Stats
Quiz on Chapter 11 of Frayn's Spies
By
PatrickDunbar
10m
20 Questions
21 Plays
21 Plays
21 Plays
Comments
Comments
Give Quiz Kudos
Give Quiz Kudos
-
- Ratings
hide this ad
Replay
Link that replays current quiz
Next Quiz
Link to next quiz in quiz playlist
You Got
0%
They Got
Avg Score
29%
Avg Friend Score
Upgrade to see
Score Distribution
Jump to the score distribution portion of the page
Score
0/20
Timer
10:00
0
Plays Today
Question
Answer
% Correct
Finish the quote: 'Everything in the Close is as it was; and...
everything has changed
81%
What is Stephen Wheatly's German name?
Stefan Weitzler
66.7%
What is adult Stephen's job?
Translator
66.7%
What is adult Keith's Job?
Barrister
61.9%
How did Geoff die?
Lung Cancer
61.9%
What house is now called 'Number 6'?
Lamorna
57.1%
Who was the real spy?
Stephen's Father
57.1%
What does Stephen realise may have been the entire reason for the visit?
To find the scarf
19%
What does his school friends conclude caused the bandages on his neck?
He tried to hang himself and failed
14.3%
What must he tend to each week with his children?
Their mother's grave
14.3%
Question
Answer
% Correct
What was the religion of the people in Trewennick?
Greek Orthodox
14.3%
What did Stephens parents do within a year of one another?
Die
14.3%
What was the reason RAF pilots had the mapped scarf on their person?
An escape plan
9.5%
What was Stephens Aunt killed by in her cellar?
'Uncle peter or by his colleagues in bomber command'
9.5%
Finish the quote: 'Even as he stood in front of the church door in his RAF uniform later, with...
the wrong sister on his arm
9.5%
Where did Keith go 'away' to?
Boarding school
9.5%
What is the german word used by Stephen's father and now by him?
Schnickschnack
9.5%
What was in the place of 'this dull service station next to the roundabout?
The Barns
9.5%
When is the first point Stephen retrospectively points out he knew the tramp was Uncle Peter?
From the very beginning
4.8%
Finish the quote: 'a cravat still high...
on her throat long after my bandages had gone
4.8%
Quiz Playlist
Details
Report
Send in Message
Add To Playlist
Classic:
Type in answers that appear in a list
Last Updated: Feb 24, 2017
Quiz Scoreboard
CHALLENGE
Sign Up to Join the Scoreboard
Show All
Scores
Hide
Comments
May contain spoilers
Recently Published
Billboard Blitz: Fleetwood Mac
by CooCooCachoo
Music
15s
Presidents Visiting Landmarks
by Hejman
History
7m
An Introduction to Baseball
by treessimontrees
Sports
5m
More to Explore
Quiz From the Vault
Featured Blog Post
Where Did the Easter Bunny Come From?
hide this ad
You Might Also Like...
Tags
Chapter
Spy
Today's Top Quizzes in Literature
Browse Literature
hide this ad
Today's Top Quizzes in Spy
Browse Spy
Top Contributed Quizzes in Literature
1
Sneaky Slytherin Logic Puzzle
2
Get The Picture: Black or White Literature
3
5-to-1: Plays
4
A Court of Thorns and Roses (ACoTaR) Logic Puzzle
5
One Thing in Common: Literature
6
One Thing in Common: Books
7
One Thing in Common: Literature 3
8
One Thing in Common: Literature II
9
Harry Potter Neighbourly Logic Puzzle #5
10
Harry Potter Neighbourly Logic Puzzle #6
Explore More
Trending Topics
Crossword
Harry Potter
NBA
Anime
Disney
Kpop
Marvel
WWE
Puzzle
The Office
Country
Song
Pokémon
Soccer
NFL
hide this ad
More By:
PatrickDunbar
Quiz
Plays
Rating
Category
Featured
Created
Frayn's Spies Chapter 11
21
Literature
Feb 24, 2017
Go to Creator's Profile
Score Distribution
Quiz Creator Spotlight
PatrickDunbar
Follow
Send a Message
Quizzes Created
-
Created Quiz Play Count
-
More By This Creator
Popular Quizzes Today
1
Find the US States - No Outlines Minefield
2
Find the Countries of Europe - No Outlines Minefield
3
The Countries of the World
4
Find the US States
5
Popular People in 1961
6
US States
7
Risky Map Clicking: Biggest States A-Z
8
Movies - When Are They Set?
More Literature Quizzes
7 to 1 Harry Potter XLIV: Secret Weasley
Quiz Lab
Trending Quizzes
Risky Map Clicking: Least Populous States A-Z
1-10 Letter G Words
1-10 Letter F Words
Risky Map Clicking: Next State Alphabetically
Risky Map Clicking: Biggest States A-Z
Recently Updated
Leaping Animals
pecheneg
Reality TV Shows (A-Z)
bhenderson79
Rickey Henderson's Hall of Fame Teammates
pecheneg
Champions League XIs: Arsenal
pecheneg
Quick Pick: Celebrities in WWE's Hall of Fame
aduchscher
A-Z Keypad Blitz II
pecheneg
Multiple Oscar Actors
pecheneg
Mystery Phrase Blitz: Oscar 'Best Actors'
pecheneg
F. Scott Fitzgerald Novels
LTH
Pick 3 Villains
ddd62291
Trending Topics
NBA
Kpop
Harry Potter
Anime
Disney
Marvel
Crossword
Puzzle
Country
Pokémon
Song
NFL
WWE
Soccer
The Office
Your Account Isn't Verified!
In order to create a playlist on Sporcle, you need to verify the email address you used during registration. Go to your
Sporcle Settings
to finish the process.
Report this User
Report this user for behavior that violates our
Community Guidelines
.
Details:
Send Report
Go to the Sporcle.com Mobile Site →
Comments